000 00446pab a2200157 454500
008 180718b2008 xxu||||| |||| 00| 0 eng d
100 _aEraydin, Ayda
245 _aThe impact of globalisation on different social groups: competitiveness, social cohesion and spatial segregation in Istanbul
260 _c2008
300 _ap.1663-691.
362 _aJul
650 _aSocial class
773 _aUrban Studies
908 _aN
909 _a79204
999 _c79204
_d79204